| 000 | 00862nam a2200229 i 4500 | ||
|---|---|---|---|
| 001 | 169030 | ||
| 003 | ES-MaACL | ||
| 005 | 20230906213951.0 | ||
| 008 | 080801s2007 sp a |||| | spa d | ||
| 020 | _a978-84-8181-342-5 | ||
| 080 | _a726.591.71(460.27 Rascafría) | ||
| 245 | 0 | 0 |
_aRetablo Mayor de la Cartuja de Santa María de El Paular _b: restauración e investigación. |
| 260 |
_a[Madrid] : _bInstituto del Patrimonio Histórico Español, _c[2007] |
||
| 300 |
_a163 p. : _bil. col. ; _c28 cm. |
||
| 504 | _aBibliografía. | ||
| 610 | 2 | 4 |
_aMonasterio de Santa María de El Paular (Rascafría) _9151081 |
| 650 | 1 | 4 |
_aRetablos- _xRestauración- _zRascafría. _9224778 |
| 650 | 4 |
_aRetablos- _zMadrid (Comunidad Autónoma) _9151079 |
|
| 710 | 2 |
_aInstituto del Patrimonio Histórico Español. _95018 |
|
| 852 |
_aES-MaACL _jL-29602 |
||
| 999 |
_c169030 _d169030 |
||